Các quá trình và thiết bị công nghệ hóa học và thực phẩm

محفوظ في:
التفاصيل البيبلوغرافية
المؤلف الرئيسي: Nguyễn, Văn Lụa
التنسيق: كتاب
اللغة:Undetermined
منشور في: Thành phố Hồ Chí Minh Đại học Quốc gia 2001
الموضوعات:
الوسوم: إضافة وسم
لا توجد وسوم, كن أول من يضع وسما على هذه التسجيلة!
Thư viện lưu trữ: Trung tâm Học liệu Trường Đại học Cần Thơ
LEADER 00688nam a2200205Ia 4500
001 CTU_96139
008 210402s9999 xx 000 0 und d
020 |c 21000 
082 |a 664.0284 
082 |b L501/T.7 
100 |a Nguyễn, Văn Lụa 
245 0 |a Các quá trình và thiết bị công nghệ hóa học và thực phẩm 
245 0 |c Nguyễn Văn Lụa 
260 |a Thành phố Hồ Chí Minh 
260 |b Đại học Quốc gia 
260 |c 2001 
650 |a Chemical apparatus,Chemical engineering,Drying apparatus 
650 |x Equipment and supplies 
904 |i Truc 
980 |a Trung tâm Học liệu Trường Đại học Cần Thơ